|
|
|
|
| LEADER |
00981cam a2200265 7i4500 |
| 001 |
0000060707 |
| 005 |
20210805090000.0 |
| 020 |
|
|
|a 9780826124890 (electronic book)
|
| 090 |
0 |
0 |
|a RT50.5
|b .M39 2016
|
| 100 |
1 |
|
|a McBride, Susan
|
| 245 |
1 |
0 |
|a Nursing informatics for the advanced practice nurse :
|b patient safety, quality, outcomes, and interprofessionalism
|c Susan McBride, Mari Tietze.
|
| 264 |
|
|
|a New York, NY:
|b Springer Publishing Company,
|c 2016.
|
| 300 |
|
|
|a 1 online resource (720 pages):
|b text file, PDF.
|
| 336 |
|
|
|a text
|2 rdacontent
|
| 337 |
|
|
|a computer
|2 rdamedia
|
| 338 |
|
|
|a online resource
|2 rdacarrier
|
| 650 |
|
0 |
|a Nursing Informatics
|
| 650 |
|
0 |
|a Nursing --
|x Practice
|
| 650 |
|
0 |
|a Nurse practitioners
|
| 655 |
|
0 |
|a Electronic books
|
| 700 |
1 |
|
|a Tietze, Mari
|
| 856 |
4 |
2 |
|u http://library.unisel.edu.my/web/guest/mylibrary
|
| 997 |
|
|
|a Health Sciences, Faculty
|
| 998 |
|
|
|a Nursing, Diploma
|
| 999 |
|
|
|a EBO0006204
|b EBOOK
|c EBOOK
|e Electronic resources
|